[Event "Olympiad Women 2024"]
[Site "Budapest HUN"]
[Date "2024.09.16"]
[Round "6.5"]
[Board "4"]
[White "Eric, Jovana"]
[Black "Doluhanova, Evgeniya"]
[Result "1-0"]
[WhiteElo "2162"]
[BlackElo "2304"]
[PlyCount "115"]
[EventDate "2024.09.11"]
[WhiteTeam "Serbia"]
[BlackTeam "Ukraine"]
[WhiteTeamCountry "SRB"]
[BlackTeamCountry "UKR"]

1. e4 e5 2. Nf3 Nc6 3. Bc4 Bc5 4. c3 Nf6 5. d3 O-O 6. O-O d6 7. h3 h6 8. Re1 a6 9. a4 Ba7 10. Nbd2 Be6 11. Bxe6 fxe6 12. Nf1 Nh5 13. b4 Qf6 14. Ra2 Nf4 15. Bxf4 $146 ({RR} 15. Kh2 Ne7 16. Be3 Qg6 17. Nh4 Qf6 18. Nf3 Qg6 19. Nh4 Qf6 20. Nf3 Qg6 21. Nh4 Qf6 22. Nf3 Qg6 23. Nh4 Qf6 24. Nf3 Qg6 25. Nh4 Qf6 26. Nf3 Qg6 27. Nh4 Qf6 28. Nf3 Qg6 29. Nh4 Qf6 {½-½ Karavade,E (2357)-Tan,Z (2513) WchT (Women) 12th 2019 (6.1)}) ({RR} 15. Kh2 g5 16. Ng3 Ne7 17. Be3 Neg6 18. d4 Nxg2 19. Kxg2 Qxf3+ 20. Qxf3 Nh4+ 21. Kf1 Nxf3 22. Rd1 Rf7 23. Ke2 Raf8 24. d5 Bxe3 25. dxe6 Ng1+ 26. Kd3 Rxf2 27. Rxg1 R2f3 {0-1 Subhayan,K (2385)-Sarwat,W (2175) 1st Bangalore Int Open 2024 (2.23)}) 15... Qxf4 16. N1h2 Qf7 17. g3 a5 18. bxa5 Nxa5 19. Kg2 Bb6 20. d4 exd4 21. cxd4 e5 22. d5 Bc5 23. Qd3 c6 24. Rb2 cxd5 25. exd5 b6 26. Re4 Nb7 27. Rg4 Qf5 28. Qd2 Qh7 29. Qe2 Rae8 30. Re4 Qg6 31. Nf1 Re7 32. N1d2 Ref7 33. Rg4 Qf5 34. Rb3 Na5 35. Rd3 h5 36. Re4 Qg6 37. Rh4 Rf4 38. Ne4 Nb7 39. Kh2 Rxh4 40. Nxh4 Qe8 41. Rf3 Qxa4 42. Rxf8+ Kxf8 43. Qf3+ Ke8 44. Ng6 Kd8 45. Qf7 Qd7 46. Qg8+ Kc7 47. Nf8 Qe7 48. Ne6+ Kd7 49. Qa8 Nd8 50. N4g5 Ke8 51. Qa4+ Qd7 52. Nxg7+ Ke7 53. Qh4 Kf8 54. N7e6+ Nxe6 55. Nxe6+ Ke8 56. Qxh5+ Ke7 57. Qh7+ Ke8 58. Qg8+ 1-0

[Event "Olympiad Women 2024"]
[Site "Budapest HUN"]
[Date "2024.09.16"]
[Round "6.6"]
[Board "1"]
[White "Pham, Le Thao Nguyen"]
[Black "Mammadzada, Gunay"]
[Result "1-0"]
[WhiteElo "2380"]
[BlackElo "2433"]
[PlyCount "123"]
[EventDate "2024.09.11"]
[WhiteTeam "Vietnam"]
[BlackTeam "Azerbaijan"]
[WhiteTeamCountry "VIE"]
[BlackTeamCountry "AZE"]

1. d4 Nf6 2. Nf3 d5 3. Bf4 e6 4. e3 c5 5. c3 Bd6 6. Bb5+ Nc6 7. Bg3 ({RR} 7. Bxc6+ bxc6 8. Bxd6 Qxd6 9. Qa4 O-O 10. Qa3 Ne4 11. Nfd2 cxd4 12. Nxe4 Qxa3 13. Nxa3 dxe4 14. cxd4 Rb8 15. b3 c5 16. dxc5 Ba6 17. Rc1 Rfd8 18. Nc4 Rd5 19. Nd6 f5 20. f3 Bd3 21. Kf2 Kf8 {1-0 Aronian,L (2781)-So,W (2770) NIC Classic KO rapid 2021 (1.23)}) 7... O-O 8. Nbd2 a6 9. Bd3 h6 $146 ({RR} 9... b5 10. Ne5 Bb7 11. f4 b4 12. O-O bxc3 13. bxc3 cxd4 14. cxd4 Nb4 15. Bh4 Nxd3 16. Nxd3 Be7 17. Ne5 Ne4 18. Bxe7 Qxe7 19. Nb3 a5 20. Rc1 Qa3 21. Qc2 a4 22. Nc5 Qxe3+ 23. Kh1 Ba6 24. Nxa6 {1-0 Pham Le Thao Nguyen (2395)-Slovineanu,V (2412) Titled Tue 5th Mar Late 2024 (5)}) ({RR} 9... b5 10. Qe2 Bb7 11. Rd1 b4 12. e4 bxc3 13. bxc3 dxe4 14. Nxe4 Nxe4 15. Bxe4 Qe7 16. Bxd6 Qxd6 17. Bxh7+ Kxh7 18. Ng5+ Kg8 19. Qh5 Rfb8 20. Qxf7+ Kh8 21. Rd3 {1-0 Tristan,L (2538)-Villalba,M (2258) Titled Tuesday intern op 5th Nov blitz 2019 (6)}) 10. Qe2 Qe7 11. Ne5 Bxe5 12. dxe5 Nd7 13. f4 f6 14. Nf3 b5 15. Nh4 Qe8 16. Ng6 Rf7 17. O-O Bb7 18. Rf2 f5 19. Bh4 d4 20. cxd4 Nb4 21. Bb1 cxd4 22. e4 d3 23. Qd2 Nc2 24. Bxc2 dxc2 25. exf5 Be4 26. Qd6 Bxf5 27. Ne7+ Kh8 28. Nxf5 Rxf5 29. Rxc2 Rxf4 30. Bg3 Rf5 31. Rc6 Nxe5 32. Rxa6 Rxa6 33. Qxa6 Nd3 34. Qa3 Qd8 35. h3 Qd4+ 36. Kh2 Qxb2 37. Qa8+ Kh7 38. Rg1 Qe2 39. a3 Rf1 40. Rxf1 Qxf1 41. Qc6 Qf5 42. Qd7 Qd5 43. Qf7 Nb2 44. Qf2 Nc4 45. Qc2+ Qf5 46. Qc3 Qe4 47. Kh1 h5 48. Bf2 Qe2 49. Bc5 e5 50. Qb3 Nd2 51. Qc2+ e4 52. Bg1 Nf1 53. Qc7 Ne3 54. Bxe3 Qxe3 55. Qe5 Qe2 56. Kh2 e3 57. Qe4+ Kh6 58. Qe6+ g6 59. Qf6 Qf2 60. Qh8+ Kg5 61. Qe5+ Qf5 62. h4+ 1-0

[Event "Olympiad Women 2024"]
[Site "Budapest HUN"]
[Date "2024.09.16"]
[Round "6.6"]
[Board "2"]
[White "Fataliyeva, Ulviyya"]
[Black "Vo, Thi Kim Phung"]
[Result "1-0"]
[WhiteElo "2378"]
[BlackElo "2320"]
[PlyCount "63"]
[EventDate "2024.09.11"]
[WhiteTeam "Azerbaijan"]
[BlackTeam "Vietnam"]
[WhiteTeamCountry "AZE"]
[BlackTeamCountry "VIE"]

1. d4 d5 2. c4 e6 3. Nf3 Nf6 4. g3 Be7 5. Bg2 O-O 6. O-O c6 7. Qc2 Nbd7 8. Rd1 b6 9. Nc3 Ba6 10. e4 ({RR} 10. cxd5 cxd5 11. Bf4 b5 12. a3 Rc8 13. Qb3 b4 14. axb4 Bc4 15. Qc2 a6 16. b3 Bb5 17. Qb2 Bxb4 18. Nxb5 axb5 19. Rdc1 Ne4 20. Rxc8 Qxc8 21. Rc1 Qa6 22. Qc2 h6 23. Qd3 Ra8 24. Bf1 Ba3 {½-½ Vidit,S (2726)-Grachev,B (2612) Titled Tuesday intern op 7th July blitz 2020 (6)}) ({RR} 10. cxd5 cxd5 11. Bg5 Bb7 12. Rdc1 Rc8 13. Qd1 a6 14. e3 b5 15. Ne5 Nxe5 16. dxe5 Nd7 17. Bxe7 Qxe7 18. f4 Nb6 19. b3 Qc5 20. Kf2 Qa3 21. Qd4 Nd7 22. Ne2 Qa5 23. e4 Qb6 24. exd5 Nc5 {1-0 Betaneli,A (2175)-Herrera Jimenez,M (1943) 17th American Continental 2024 (8.58)}) 10... dxc4 $146 ({RR} 10... Bxc4 11. e5 Ne8 12. h4 Rc8 13. Bg5 c5 14. Bxe7 Qxe7 15. Ng5 g6 16. b3 Ba6 17. Nf3 cxd4 18. Rxd4 Qc5 19. Rc1 Nxe5 20. Qd2 Nxf3+ 21. Bxf3 Nf6 22. h5 Ne4 23. Bxe4 dxe4 24. hxg6 hxg6 25. b4 {0-1 Idigoras,A (2280)-Pereyra Arcija,D (2460) Clarin GP op 1997 (6)}) ({RR} 10... Bxc4 11. e5 Ne8 12. h4 f6 13. exf6 Bxf6 14. Bh3 Nc7 15. Bf4 Re8 16. Re1 Nf8 17. Ne5 Bxe5 18. Bxe5 c5 19. Ne4 cxd4 20. Nd6 Re7 21. Nxc4 dxc4 22. Qxc4 Nd5 23. Qxd4 Rc8 24. Rad1 Qe8 25. Qg4 {½-½ Shapiro,D (2284)-Scherbinin,K (2168) Titled Tuesday intern op 02nd Nov blitz 2021 (11)}) 11. d5 exd5 12. exd5 Nc5 13. dxc6 Nd3 14. Ne1 Nxe1 15. Rxe1 b5 16. Bg5 Qd6 17. Bf4 Qc5 18. Re5 Rae8 19. Rxc5 Bxc5 20. Ne4 Nxe4 21. Bxe4 h6 22. Rd1 Re6 23. Bd5 Rf6 24. Be5 Rxf2 25. Qxf2 Bxf2+ 26. Kxf2 Re8 27. Bc3 Bc8 28. c7 Kh7 29. Bc6 Re7 30. Rd8 Rxc7 31. Be4+ f5 32. Rxc8 1-0

[Event "Olympiad Women 2024"]
[Site "Budapest HUN"]
[Date "2024.09.16"]
[Round "6.6"]
[Board "3"]
[White "Luong Phuong Hanh"]
[Black "Beydullayeva, Govhar"]
[Result "0-1"]
[WhiteElo "2225"]
[BlackElo "2395"]
[PlyCount "94"]
[EventDate "2024.09.11"]
[WhiteTeam "Vietnam"]
[BlackTeam "Azerbaijan"]
[WhiteTeamCountry "VIE"]
[BlackTeamCountry "AZE"]

1. d4 Nf6 2. c4 e6 3. Nf3 d5 4. g3 Bb4+ 5. Bd2 Be7 6. Bg2 O-O 7. O-O Nbd7 8. Qc2 c6 9. Bf4 a5 10. Rd1 a4 11. Ne5 Nxe5 12. dxe5 Nd7 13. cxd5 exd5 14. e4 Nb6 $146 ({RR} 14... d4 15. Rxd4 Qb6 16. Rd1 Qa5 17. Nc3 a3 18. bxa3 Re8 19. Rd4 Nb6 20. a4 Be6 21. Rb1 Bc5 22. Rd3 h6 23. h4 Red8 24. Rxd8+ Rxd8 25. Bf1 Bb4 26. Qb2 Bc5 27. Qc2 Bb4 28. Qb2 Bc5 {½-½ Brunello,S (2581)-Short,N (2677) Gibraltar Masters 10th 2012 (4)}) 15. exd5 Nxd5 16. Nc3 Be6 17. Nxd5 cxd5 18. Rac1 a3 19. bxa3 Rxa3 20. Be3 h5 21. Qb2 Qa8 22. Rc7 d4 23. Bxd4 Qa4 24. Qc1 Bg5 25. f4 Rd8 26. fxg5 Rxd4 27. Rf1 Rxa2 28. g6 fxg6 29. Qg5 Rd7 30. Rxd7 Qxd7 31. Qe3 Rxg2+ 32. Kxg2 Bh3+ 33. Kg1 Bxf1 34. Kxf1 Qd1+ 35. Kg2 Qd5+ 36. Kg1 Kf7 37. Qb6 Qd1+ 38. Kg2 Qc2+ 39. Kg1 Qc1+ 40. Kg2 Qc6+ 41. Qxc6 bxc6 42. Kf3 Ke6 43. Ke4 g5 44. Kd4 g4 45. Ke4 c5 46. Kf4 g6 47. Ke4 g5 0-1

[Event "Olympiad Women 2024"]
[Site "Budapest HUN"]
[Date "2024.09.16"]
[Round "6.6"]
[Board "4"]
[White "Balajayeva, Khanim"]
[Black "Bach Ngoc Thuy Duong"]
[Result "1/2-1/2"]
[WhiteElo "2384"]
[BlackElo "2214"]
[PlyCount "75"]
[EventDate "2024.09.11"]
[WhiteTeam "Azerbaijan"]
[BlackTeam "Vietnam"]
[WhiteTeamCountry "AZE"]
[BlackTeamCountry "VIE"]

1. e4 c5 2. Nf3 d6 3. Bb5+ Nd7 4. a4 Ngf6 5. Nc3 g6 6. O-O Bg7 7. a5 a6 8. Be2 O-O 9. d3 b5 10. axb6 Nxb6 11. Be3 ({RR} 11. h3 a5 12. Be3 Nfd7 13. Qd2 a4 14. Bh6 e5 15. Nh2 Nb8 16. Bxg7 Kxg7 17. f4 Nc6 18. f5 f6 19. fxg6 hxg6 20. Ng4 Bxg4 21. Bxg4 Nd4 22. Ne2 d5 23. Rad1 a3 24. c3 Nxe2+ 25. Qxe2 Na4 {0-1 Rapport,R (2752)-Nepomniachtchi,I (2779) SuperUnited Rapid 2023 (5.1)}) 11... Bb7 12. Qd2 Qc7 $146 ({RR} 12... Re8 13. Bh6 Bh8 14. Ng5 a5 15. f4 a4 16. f5 Bc6 17. h4 Nbd7 18. h5 Ne5 19. hxg6 hxg6 20. Nf3 Nfg4 21. Nxe5 Nxe5 22. Nd1 e6 23. fxg6 fxg6 24. c3 Bg7 25. Nf2 Nf7 26. Bxg7 Kxg7 27. Ng4 {½-½ Balajayeva,K (2376)-Muradli,M (2560) 24th Dubai Open A 2024 (1.13)}) ({RR} 12... Ng4 13. Bg5 h6 14. Bh4 Qc7 15. h3 Nf6 16. Bxf6 exf6 17. d4 Rfe8 18. Qf4 cxd4 19. Nxd4 Nc4 20. Bxc4 Qxc4 21. Ra4 Qc7 22. Rd1 Rad8 23. Nb3 Re5 24. Nd4 Qb6 25. Nf3 Rc5 26. Ra2 f5 27. Na4 {1-0 Narva,M (2403)-Mammadzada,G (2449) World Blitz Women 2023 (17.12)}) 13. Bh6 e5 14. h4 Rfe8 15. Bxg7 Kxg7 16. Nh2 d5 17. Nxd5 Nbxd5 18. exd5 Nxd5 19. Bf3 Nf4 20. Rfe1 f6 21. Qa5 Qd7 22. Qa4 Qc8 23. Bxb7 Qxb7 24. Nf3 Reb8 25. b3 Qc8 26. Re4 Qg4 27. Ne1 Rb4 28. Rxb4 cxb4 29. Qc6 Ra7 30. Rxa6 Rxa6 31. Qxa6 Qxh4 32. Qb7+ Kh6 33. g3 Qg4 34. Qh1+ Kg7 35. Qb7+ Kh6 36. Qh1+ Kg7 37. Qb7+ Kh6 38. Qh1+ 1/2-1/2

[Event "Olympiad Women 2024"]
[Site "Budapest HUN"]
[Date "2024.09.16"]
[Round "6.7"]
[Board "1"]
[White "Tokhirjonova, Gulrukhbegim"]
[Black "Kosteniuk, Alexandra"]
[Result "1/2-1/2"]
[WhiteElo "2380"]
[BlackElo "2483"]
[PlyCount "77"]
[EventDate "2024.09.11"]
[WhiteTeam "United States of America"]
[BlackTeam "Switzerland"]
[BlackTeamCountry "SUI"]

1. e4 e5 2. Nf3 Nc6 3. Nc3 Nf6 4. d4 exd4 5. Nxd4 Bb4 6. Nxc6 bxc6 7. Bd3 d5 8. Bd2 O-O 9. O-O Bxc3 10. Bxc3 dxe4 11. Bxf6 Qxf6 12. Bxe4 Qxb2 13. Bxc6 Rb8 14. Rb1 Qxb1 15. Qxb1 Rxb1 16. Rxb1 Rd8 17. Bf3 Kf8 18. h3 $146 ({RR} 18. Rb8 Re8 19. h4 Ba6 20. Rb3 Re1+ 21. Kh2 Re5 22. Ra3 Be2 23. Bxe2 Rxe2 24. Rxa7 Rxc2 25. Kg3 c5 26. a4 c4 27. a5 c3 28. a6 Ra2 29. Rc7 Rxa6 30. Rc8+ Ke7 31. Rxc3 {½-½ Perez Ponsa,F (2538)-Flores,D (2541) 97th ch-ARG 2022 (10.2)}) ({RR} 18. Rb8 Re8 19. h4 Ba6 20. Rb3 Be2 21. Bxe2 Rxe2 22. Rc3 Re7 23. f3 Ke8 24. Kf2 Kd7 25. Ra3 Re5 26. Rxa7 Rc5 27. Ke3 Rxc2 28. g4 h5 29. gxh5 Rc4 30. Ra5 Rxh4 31. Rg5 Ke6 32. Rc5 Ra4 {½-½ So,W (2765)-Carlsen,M (2872) Tata Steel-A 82nd 2020 (13)}) ({RR} 18. Rb8 Re8 19. h3 Bf5 20. Rb7 Be4 21. Rxa7 Bxf3 22. gxf3 Re1+ 23. Kg2 Rc1 24. Rxc7 Ra1 25. f4 Rxa2 26. Kg3 Ra1 27. f5 Rg1+ 28. Kf4 Rf1 29. f3 Rh1 30. Kg3 Rg1+ 31. Kf2 Rh1 32. Kg2 Re1 {½-½ Oleksiyenko,M (2567)-Duda,J (2726) Bundesliga 2023-24 (11.4)}) ({RR} 18. Rb8 Ke7 19. Ra8 a6 20. h3 g6 21. Be2 h5 22. h4 Bb7 23. Ra7 Rb8 24. a3 Kd7 25. Bxa6 Bxa6 26. Rxa6 Rb2 27. Rf6 Rxc2 28. Rxf7+ Ke6 29. Rf3 c5 30. Kf1 c4 31. Ke1 Ke5 32. Kd1 Ra2 {½-½ Harika,D (2517)-Hovhannisyan,R (2607) Chess.com Rapid Wk14 Swiss 2022 (9)}) 18... Ke7 19. Rb4 Rd6 20. Rc4 Kd8 21. a4 Be6 22. Rc5 Rd4 23. Ra5 Bd7 24. Rxa7 Rxa4 25. Rxa4 Bxa4 26. Be4 Ke7 27. Kf1 Kd6 28. Ke2 h6 29. Kd3 Kc5 30. Kc3 g5 31. g3 Bd7 32. h4 gxh4 33. gxh4 f5 34. Bg2 f4 35. Be4 Bb5 36. Bf3 Bc4 37. Be4 Bb5 38. Bf3 Bc4 39. Be4 1/2-1/2

[Event "Olympiad Women 2024"]
[Site "Budapest HUN"]
[Date "2024.09.16"]
[Round "6.7"]
[Board "2"]
[White "Georgescu, Lena"]
[Black "Yip, Carissa"]
[Result "0-1"]
[WhiteElo "2266"]
[BlackElo "2386"]
[PlyCount "100"]
[EventDate "2024.09.11"]
[WhiteTeam "Switzerland"]
[BlackTeam "United States of America"]
[WhiteTeamCountry "SUI"]

1. e4 c5 2. Nf3 d6 3. d4 cxd4 4. Nxd4 Nf6 5. Nc3 h6 6. Bc4 e6 7. Bb3 ({RR} 7. f4 Qc7 8. Bb3 a6 9. f5 e5 10. Nf3 Nbd7 11. g4 Qc6 12. Qe2 Nc5 13. g5 hxg5 14. Bxg5 Ncxe4 15. Ba4 b5 16. Nxb5 Bd7 17. Nxd6+ Qxd6 18. Bxd7+ Qxd7 19. Bxf6 Nxf6 20. Nxe5 Bb4+ 21. c3 Qe7 {0-1 Yip,C (2430)-Dzagnidze,N (2523) FIDE World Cup (Women) 2021 (3.2)}) 7... a6 8. Be3 Qc7 9. Qe2 $146 ({RR} 9. f3 Be7 10. Qd2 Bd7 11. O-O-O Nc6 12. g4 Ne5 13. h4 Nc4 14. Bxc4 Qxc4 15. Nb3 b5 16. g5 hxg5 17. hxg5 Nh5 18. Bf4 b4 19. Ne2 Rc8 20. Kb1 Bb5 21. Ng3 g6 22. Rh2 e5 23. Be3 Kd7 {½-½ Ocnarescu,V (2184)-Taras,G (2256) ROM-chT Eforie Nord 2008 (3)}) 9... b5 10. O-O-O Bb7 11. f3 Nbd7 12. g4 Nc5 13. h4 Nxb3+ 14. axb3 g6 15. Qd2 Nd7 16. Kb1 Nc5 17. h5 g5 18. Rhe1 Be7 19. b4 Nd7 20. Nb3 Ne5 21. Qf2 Nc4 22. Bd4 Rg8 23. Na5 Rc8 24. Nxb7 Qxb7 25. Na2 a5 26. bxa5 Nxa5 27. b3 Nc6 28. Bb2 Ra8 29. Qd2 b4 30. Nc1 Qa6 31. c4 bxc3 32. Qxc3 Kd7 33. Re3 Rgc8 34. Red3 Na7 35. Qd2 Nb5 36. b4 Ke8 37. Qe3 Bd8 38. Qd2 Qa4 39. Rf1 Rc4 40. Qd1 Qxb4 41. Qb3 Qc5 42. Na2 Rb8 43. Ka1 Rb6 44. Qd1 Ra6 45. Kb1 Rca4 46. Nc1 Na3+ 47. Rxa3 Rxa3 48. Re1 Qb4 49. Re2 Ra1+ 50. Kc2 Qa4+ 0-1

[Event "Olympiad Women 2024"]
[Site "Budapest HUN"]
[Date "2024.09.16"]
[Round "6.7"]
[Board "3"]
[White "Lee, Alice"]
[Black "Hryzlova, Sofiia"]
[Result "1-0"]
[WhiteElo "2384"]
[BlackElo "2188"]
[PlyCount "111"]
[EventDate "2024.09.11"]
[WhiteTeam "United States of America"]
[BlackTeam "Switzerland"]
[BlackTeamCountry "SUI"]

1. d4 Nf6 2. c4 e6 3. Nf3 d5 4. Nc3 a6 5. cxd5 exd5 6. Bg5 Be6 7. e3 Nbd7 8. Bd3 Bd6 9. O-O c6 10. Bf4 Qc7 11. Qd2 O-O 12. h3 Nb6 ({RR} 12... Rfe8 13. Rfe1 Nh5 14. Bxd6 Qxd6 15. e4 Qf4 16. exd5 Bxd5 17. Nxd5 cxd5 18. Qb4 Qc7 19. Rec1 Qb8 20. Rc2 Nf4 21. Bf1 Ne6 22. Rac1 g6 23. a4 Nf6 24. a5 Qa7 25. g3 Rad8 26. h4 Ne4 27. Bh3 {½-½ Ding,L (2799)-Vidit,S (2723) Charity Cup Prelim rapid 2022 (14)}) ({RR} 12... g6 13. Rfe1 Rfe8 14. b4 Nh5 15. Bh2 Bxh2+ 16. Nxh2 Ng7 17. a4 Nb6 18. Nf3 Bf5 19. Bf1 Red8 20. Rec1 Qe7 21. Qb2 Ne8 22. a5 Nd7 23. Na4 Nd6 24. Nc5 Re8 25. Re1 Qd8 26. Nd2 Nf6 27. f3 {0-1 Lysyj,I (2589)-Svane,R (2637) Titled Tue 9th Jan Early 2024 (5)}) ({RR} 12... Rfe8 13. Rfe1 g6 14. a3 Nb6 15. Bxd6 Qxd6 16. Ne5 Nfd7 17. f4 f6 18. Ng4 Kg7 19. Qf2 Bxg4 20. hxg4 Re7 21. e4 dxe4 22. Nxe4 Qc7 23. Nc3 Rae8 24. g3 Qd6 25. Rxe7+ Rxe7 26. Rd1 Nd5 27. Ne4 {0-1 Hryzlova,S (2251)-Boyer,M (2415) Swiss Young Masters 2024 (4.1)}) 13. b3 g6 $146 ({RR} 13... Nc8 14. Rfe1 Bxf4 15. exf4 Nd6 16. Ne5 Bf5 17. f3 Bxd3 18. Qxd3 Nh5 19. Qd2 g6 20. Rac1 Qd8 21. g4 Ng7 22. Na4 Re8 23. Kg2 f6 24. Nd3 Qc7 25. Nc3 Qf7 26. a4 Rxe1 27. Rxe1 Re8 28. Rc1 {½-½ Stojanovic,M (2501)-Prusikin,M (2515) SUI-chT Switzerland 2022 (3.1)}) ({RR} 13... Rae8 14. a4 Nc8 15. Be5 Kh8 16. Qc2 Bxe5 17. Nxe5 Nd6 18. Rfc1 a5 19. Nb5 Qe7 20. Nxd6 Qxd6 21. Qd2 Ra8 22. Rc5 Qc7 23. b4 axb4 24. Qxb4 Nd7 25. Nxd7 Bxd7 26. Rb1 Qd6 27. Bc2 Ra7 28. Qb6 {½-½ Navara,D (2699)-Mikhalevski,V (2559) EU-chT 23rd Terme Catez 2021 (5.1)}) 14. Rac1 Nc8 15. Ne5 Nh5 16. Bh2 f6 17. Nf3 Bxh2+ 18. Nxh2 Nd6 19. Rfd1 f5 20. Nf3 Ne4 21. Qc2 Qg7 22. Ne5 g5 23. Na4 Rae8 24. b4 Kh8 25. Nc5 Bc8 26. a4 Nxc5 27. bxc5 g4 28. hxg4 fxg4 29. g3 Qh6 30. Kg2 Nxg3 31. Rh1 Nxh1 32. Rxh1 Qf6 33. Ng6+ Kg8 34. Nxf8 Rxf8 35. Bxh7+ Kg7 36. Qe2 Qg5 37. Bc2 Rf3 38. Qd3 Rh3 39. Qf1 Rf3 40. Rh7+ Kf6 41. Qh1 Rh3 42. Rxh3 gxh3+ 43. Kh2 a5 44. Qf3+ Ke7 45. Qg3 Qf6 46. Bd3 Bg4 47. Qxg4 Qxf2+ 48. Kh1 Qxe3 49. Qe2 Qxe2 50. Bxe2 Kf6 51. Bg4 Kg5 52. Bxh3 Kf4 53. Bc8 Ke4 54. Bxb7 Kxd4 55. Bxc6 Kxc5 56. Bb5 1-0

[Event "Olympiad Women 2024"]
[Site "Budapest HUN"]
[Date "2024.09.16"]
[Round "6.7"]
[Board "4"]
[White "Manko, Mariia"]
[Black "Zatonskih, Anna"]
[Result "1-0"]
[WhiteElo "2159"]
[BlackElo "2320"]
[PlyCount "73"]
[EventDate "2024.09.11"]
[WhiteTeam "Switzerland"]
[BlackTeam "United States of America"]
[WhiteTeamCountry "SUI"]

1. d4 d5 2. c4 c6 3. Nf3 Nf6 4. g3 Bf5 5. Nc3 e6 6. Nh4 Be4 7. f3 Bg6 8. Qb3 Qd7 9. Nxg6 hxg6 10. Be3 Be7 11. Bg2 Qc7 12. O-O Nbd7 13. cxd5 exd5 14. Bf2 O-O 15. Kh1 $146 ({RR} 15. Rac1 Rac8 16. Bh3 Qb6 17. e4 Qxb3 18. axb3 dxe4 19. fxe4 Rcd8 20. e5 Nh7 21. Bg2 Ng5 22. Rfd1 Nb6 23. d5 cxd5 24. Bxb6 axb6 25. Nxd5 Bc5+ 26. Kh1 Ne6 27. b4 Bd4 28. Rc4 Rfe8 29. Rcxd4 Nxd4 {½-½ Lysyj,I (2605)-Volkov,S (2557) Barnaul Kura Memorial rapid 2021 (10)}) 15... Nb6 16. e4 dxe4 17. fxe4 Rad8 18. a4 a5 19. Rac1 Ng4 20. Bg1 Bg5 21. Rce1 Na8 22. e5 Nh6 23. d5 cxd5 24. Nxd5 Qd7 25. h4 Be7 26. e6 fxe6 27. Rxe6 Rxf1 28. Nxe7+ Kh7 29. Bxf1 Nc7 30. Re2 Re8 31. Bc5 Nf5 32. Bh3 Rxe7 33. Bxe7 Qc6+ 34. Bg2 Qc1+ 35. Kh2 Nd4 36. Qe3 Nxe2 37. Qxe2 1-0

[Event "Olympiad Women 2024"]
[Site "Budapest HUN"]
[Date "2024.09.16"]
[Round "6.8"]
[Board "1"]
[White "Wagner, Dinara"]
[Black "Brunello, Marina"]
[Result "1/2-1/2"]
[WhiteElo "2452"]
[BlackElo "2348"]
[PlyCount "64"]
[EventDate "2024.09.11"]
[WhiteTeam "Germany"]
[BlackTeam "Italy"]
[WhiteTeamCountry "GER"]
[BlackTeamCountry "ITA"]

1. d4 d5 2. c4 e6 3. Nf3 h6 4. Nc3 Nf6 5. Bf4 Bd6 6. Bxd6 Qxd6 7. e3 O-O 8. Rc1 Qe7 ({RR} 8... b6 9. cxd5 Nxd5 10. Nxd5 Qxd5 11. a3 Qd6 12. Qc2 c6 13. Qe4 Qd5 14. Bd3 Qxe4 15. Bxe4 Bb7 16. Ne5 f6 17. Ng6 Rd8 18. Nf4 Rd6 19. O-O Nd7 20. Rc3 Rd8 21. Rfc1 e5 22. dxe5 Nxe5 23. h3 {½-½ Ding,L (2791)-Carlsen,M (2862) Skilling op Prelim rapid 2020 (8)}) 9. Qb3 ({RR} 9. Bd3 dxc4 10. Bxc4 b6 11. O-O Bb7 12. Qe2 Nbd7 13. Rfd1 c5 14. d5 exd5 15. Nxd5 Nxd5 16. Bxd5 Bxd5 17. Rxd5 Rfd8 18. Rcd1 Nf6 19. R5d3 Ne4 20. h3 Kf8 21. Qc2 Nd6 {½-½ Tokarz,I (1941)-Siekanska,M (2097) 32nd EY Girls U18 2024 (2.5)}) 9... Rd8 10. Bd3 $146 ({RR} 10. Be2 dxc4 11. Qxc4 b6 12. O-O Ba6 13. Qa4 Bb7 14. Ne5 c5 15. Rfd1 cxd4 16. Rxd4 Rxd4 17. Qxd4 Nc6 18. Nxc6 Bxc6 19. Rd1 Rc8 20. f3 e5 21. Qd6 Qxd6 22. Rxd6 Kf8 23. e4 Ke7 24. Rd2 Bd7 {0-1 Aradhya,G (2275)-Svane,R (2651) Titled Tuesday intern op 24th May Early blitz 2022 (4)}) 10... dxc4 11. Qxc4 Na6 12. Ne4 Nd5 13. a3 Nb8 14. O-O b6 15. Qc2 Bb7 16. Ne5 Rc8 17. Qa4 f6 18. Nf3 c6 19. Bb1 Nd7 20. Rfe1 a5 21. Ng3 c5 22. e4 Nf4 23. d5 Ne5 24. Nxe5 fxe5 25. Qb3 Qc7 26. dxe6 c4 27. Qa4 Nxe6 28. Ba2 Ba6 29. Qd1 Nd4 30. Qh5 b5 31. Nf5 Nxf5 32. exf5 Rf8 1/2-1/2

[Event "Olympiad Women 2024"]
[Site "Budapest HUN"]
[Date "2024.09.16"]
[Round "6.8"]
[Board "2"]
[White "Zimina, Olga"]
[Black "Paehtz, Elisabeth"]
[Result "0-1"]
[WhiteElo "2302"]
[BlackElo "2455"]
[PlyCount "70"]
[EventDate "2024.09.11"]
[WhiteTeam "Italy"]
[BlackTeam "Germany"]
[WhiteTeamCountry "ITA"]
[BlackTeamCountry "GER"]

1. d4 d5 2. Nf3 Nf6 3. g3 Bf5 4. Bg2 e6 5. c4 c6 6. Nc3 Be7 7. Qb3 Qb6 8. c5 Qxb3 9. axb3 O-O 10. O-O h6 11. b4 a6 12. h3 Nbd7 13. g4 Bh7 14. Bf4 Ne4 15. Ne5 $146 ({RR} 15. e3 Bf6 16. Nxe4 Bxe4 17. Bd6 Bxf3 18. Bxf3 Rfe8 19. Rad1 e5 20. dxe5 Bxe5 21. Bxe5 Nxe5 22. Be2 Re7 23. Rd4 Rae8 24. Kg2 Ng6 25. Rfd1 Nf8 26. Bf3 Ne6 27. R4d2 g6 28. Kh2 Rd7 29. Kg3 f5 {0-1 Ligotti,J (1864)-Jiang,A (2213) Charlotte Open 2024 (6.14)}) 15... Nxe5 16. Bxe5 Nd2 17. Rfe1 Nc4 18. Bg3 Bf6 19. e3 Nxb2 20. f4 Nd3 21. Reb1 g5 22. Ne2 gxf4 23. exf4 b6 24. g5 hxg5 25. fxg5 Bxg5 26. cxb6 e5 27. b7 Rab8 28. Rxa6 Rxb7 29. Rxc6 Be3+ 30. Kh1 Nxb4 31. Rb3 exd4 32. Nf4 d3 33. Nxd5 Nxd5 34. Rxb7 d2 35. Bf3 Be4 0-1

[Event "Olympiad Women 2024"]
[Site "Budapest HUN"]
[Date "2024.09.16"]
[Round "6.8"]
[Board "3"]
[White "Heinemann, Josefine"]
[Black "Gueci, Tea"]
[Result "1-0"]
[WhiteElo "2316"]
[BlackElo "2199"]
[PlyCount "55"]
[EventDate "2024.09.11"]
[WhiteTeam "Germany"]
[BlackTeam "Italy"]
[WhiteTeamCountry "GER"]
[BlackTeamCountry "ITA"]

1. e4 c6 2. d4 d5 3. Nd2 dxe4 4. Nxe4 Nf6 5. Nxf6+ exf6 6. c3 Bd6 7. Bd3 O-O 8. Qc2 Re8+ 9. Ne2 h5 10. O-O h4 11. h3 Nd7 12. Bd2 Nf8 13. Rae1 Be6 14. Nf4 ({RR} 14. f4 Qc7 15. f5 Bd7 16. c4 b6 17. b4 c5 18. dxc5 bxc5 19. b5 Nh7 20. Nc3 Ng5 21. Nd5 Bh2+ 22. Kh1 Qd6 23. Rd1 Be5 24. Bxg5 fxg5 25. f6 Bd4 26. Bh7+ Kh8 27. fxg7+ Kxg7 28. Nf6 Re5 {1-0 Ivic,V (2582)-Bluebaum,M (2669) FIDE World Cup 2021 (3.1)}) 14... Qc7 ({RR} 14... Bxf4 15. Bxf4 Qd7 16. Re3 Bd5 17. c4 Be6 18. Rd1 Rac8 19. c5 Bd5 20. Bd6 Ne6 21. Bh7+ Kh8 22. Be4 Ng5 23. Bxd5 cxd5 24. Rde1 Ne4 25. Bh2 b6 26. b4 Re6 27. Qe2 Rce8 28. Qh5+ Kg8 29. Qxh4 {½-½ Manvelyan,M (2289)-Gruca,M (2198) Titled Tue 23rd Jul Late 2024 (2)}) 15. Nxe6 Nxe6 16. Bc4 $146 ({RR} 16. Re4 g5 17. Bc4 b5 18. Bxe6 fxe6 19. f4 f5 20. Re2 Bxf4 21. Bxf4 gxf4 22. Re5 Rad8 23. Qe2 Qf7 24. Rxf4 Qf6 25. Qf2 Rd5 26. Rfxf5 Qxf5 27. Qxf5 exf5 28. Rxe8+ Kf7 29. Rh8 b4 30. Rh7+ Ke6 {½-½ Okuyaz,D (2238)-Kumar,N (2274) Djenovici TS11 2017 (2)}) 16... Nf4 17. Qf5 b5 18. Bb3 b4 19. Bxf4 Bxf4 20. Bc2 g6 21. Qxf6 bxc3 22. bxc3 Bd2 23. Rxe8+ Rxe8 24. Bb3 Bxc3 25. Qxg6+ Kf8 26. Qh6+ Kg8 27. Qg5+ Kf8 28. Qc5+ 1-0